000 00349nam a2200121Ia 4500
008 240731s9999 xx 000 0 und d
022 _a2161-7163
245 0 _aRoutledge Online Studies on the Olympic and Paralympic Games : Book Chapters
260 _bRoutledge
856 _uhttps://www.tandfonline.com/loi/roso20
942 _2ddc
942 _cTFEJ
999 _c79273
_d79273
945 _a1
_bMadushi Gamage
_c1
_dMadushi Gamage